00888nam a2200241 i 4500001001000000003000900010005001700019007000300036008004100039020001500080040003300095082002400128100005100152245009000203264003800293300002200331336002700353337003300380338002800413500000600441500015900447650004000606000037769DO-SdBPM20251121102547.0ta130305s2000 dr r 000 0 spa d a9993401471 aDO-SdBPMbspacBPMSUerdad  4a510bG934m 20002221 aGuerrero Sánchez, Luis Manuel,d1939-eautor10aMatemáticas :bsus fundamentos en secuencia óptima /cLuis M. Guerrero Sánchez. 1aSanto Domingo :bCorripio,c2000. avolumen ;c25 cm. 2rdacontentatextobtxt 2rdamediaasin mediaciónbn 2rdacarrieravolumenbnc a  aEn la portada: Nuevas ideas y conceptos para el aprendizaje más racional de las mátemáticas desde el principio y su comprensión para toda la vida. 7aMatemáticaxEstudio y enseñanza